<?xml version="1.0" encoding="UTF-8"?><?xml-stylesheet type="text/xsl" href="static/style.xsl"?><OAI-PMH xmlns="http://www.openarchives.org/OAI/2.0/" xmlns:xsi="http://www.w3.org/2001/XMLSchema-instance" xsi:schemaLocation="http://www.openarchives.org/OAI/2.0/ http://www.openarchives.org/OAI/2.0/OAI-PMH.xsd"><responseDate>2026-06-07T18:58:47Z</responseDate><request verb="GetRecord" identifier="oai:docta.ucm.es:20.500.14352/6473" metadataPrefix="marc">https://docta.ucm.es/rest/oai/request</request><GetRecord><record><header><identifier>oai:docta.ucm.es:20.500.14352/6473</identifier><datestamp>2024-07-05T16:27:29Z</datestamp><setSpec>com_20.500.14352_14</setSpec><setSpec>col_20.500.14352_15</setSpec></header><metadata><record xmlns="http://www.loc.gov/MARC21/slim" xmlns:dcterms="http://purl.org/dc/terms/" xmlns:xsi="http://www.w3.org/2001/XMLSchema-instance" xmlns:doc="http://www.lyncode.com/xoai" xsi:schemaLocation="http://www.loc.gov/MARC21/slim http://www.loc.gov/standards/marcxml/schema/MARC21slim.xsd">
   <leader>00925njm 22002777a 4500</leader>
   <datafield ind2=" " ind1=" " tag="042">
      <subfield code="a">dc</subfield>
   </datafield>
   <datafield ind2=" " ind1=" " tag="720">
      <subfield code="a">Martínez Águila, Alejandro</subfield>
      <subfield code="e">author</subfield>
   </datafield>
   <datafield ind2=" " ind1=" " tag="720">
      <subfield code="a">Fonseca Vázquez, Begoña</subfield>
      <subfield code="e">author</subfield>
   </datafield>
   <datafield ind2=" " ind1=" " tag="720">
      <subfield code="a">Pérez de Lara, María Jesús</subfield>
      <subfield code="e">author</subfield>
   </datafield>
   <datafield ind2=" " ind1=" " tag="720">
      <subfield code="a">Miras Portugal, María Teresa</subfield>
      <subfield code="e">author</subfield>
   </datafield>
   <datafield ind2=" " ind1=" " tag="720">
      <subfield code="a">Gómez Villafuertes, María Rosa</subfield>
      <subfield code="e">author</subfield>
   </datafield>
   <datafield ind2=" " ind1=" " tag="720">
      <subfield code="a">Carracedo Rodríguez, Juan Gonzalo</subfield>
      <subfield code="e">author</subfield>
   </datafield>
   <datafield ind2=" " ind1=" " tag="720">
      <subfield code="a">Pintor Just, Jesús Jerónimo</subfield>
      <subfield code="e">author</subfield>
   </datafield>
   <datafield ind2=" " ind1=" " tag="260">
      <subfield code="c">2020-07-29</subfield>
   </datafield>
   <datafield ind2=" " ind1=" " tag="520">
      <subfield code="a">Purpose: The objective of this study was to evaluate the changes in the melatoninergic receptors of DBA/2J and C57BL/6J mice with the development of glaucoma. DBA/2J mice are widely used to study the physiopathology of glaucoma due to the similarities of their eyes to human eyes and the resulting similarity in the development of their pathology. In addition, melatoninergic receptors are known for their control of intraocular pressure (IOP), reducing the production of aqueous humor; however, little is known about their relationship with the development of this pathology.
Methods: mRNA expression of MT1, MT2, and GPR50 melatoninergic receptors was performed with quantitative real-time PCR. In addition, receptor expression was performed with immunohistochemical techniques on the ciliary processes. To further investigate the effect of melatonin and its analog 5-methoxycarbonylamino-N-acetyltryptamine (5-MCA-NAT) on IOP, animals were instilled with these compounds and the corresponding melatoninergic antagonists to assess their effect on IOP.
Results: All melatoninergic receptor expression decayed with the development of the glaucomatous pathology in the DBA/2J mice, and was especially visible for the MT2 receptor. However, receptor expression was consistent in the C57BL/6J control mice across all ages investigated. Furthermore, IOP blockage was stronger with 4PPDOT (MT2 antagonist) only in the DBA/2J mice which suggests a correlation of this receptor with the development of the glaucomatous pathology in DBA/2J animals.
Conclusions: Melatonin receptor expression decays with the development of the glaucomatous pathology. This implies that the physiologic hypotensive effect of endogenous melatonin reducing IOP is not possible. A solution for such changes in receptor expression is the exogenous application of melatonin or any of its analogs that permit the activation of the remaining melatonin receptors.</subfield>
   </datafield>
   <datafield ind1="8" ind2=" " tag="024">
      <subfield code="a">1090-0535</subfield>
   </datafield>
   <datafield ind1="8" ind2=" " tag="024">
      <subfield code="a">https://hdl.handle.net/20.500.14352/6473</subfield>
   </datafield>
   <datafield ind1="8" ind2=" " tag="024">
      <subfield code="a">http://www.molvis.org/molvis/v26/530</subfield>
   </datafield>
   <datafield ind2="0" ind1="0" tag="245">
      <subfield code="a">Changes in melatonin receptor expression in a murine model of glaucoma</subfield>
   </datafield>
</record></metadata></record></GetRecord></OAI-PMH>